000 00371nam a2200145Ia 4500
008 231129s1983||||xx |||||||||||||| ||spa||
020 _a84-86061-23-7
040 _bspa
082 _aR 649.10242 N248L
100 _aNash Barbara
245 0 _aEl libro de oro del niƱo
260 _c1983
264 _aDismail
942 _2ddc
_cBKS
999 _c11543
_d11543